TOP 50 Comuni del Trentino Alto Adige per popolazione - Statistics

Statistiche generali
  • Questo quiz è stato fatto 22 volte
  • Il punteggio medio è 21 su 50
Statistiche sulle risposte
Hint Risposta % Corretto
106.568 Bolzano
100%
118.640 Trento
100%
41.498 Merano
88%
23.108 Bressanone
82%
17.157 Brunico
76%
17.782 Riva del Garda
76%
40.263 Rovereto
76%
9.194 Lavis
71%
7.678 Mezzolombardo
71%
21.577 Pergine Valsugana
71%
18.658 Laives
65%
5.496 Mezzocorona
65%
7.032 Vipiteno
65%
8.888 Ala
59%
17.653 Arco
59%
5.514 Egna
59%
14.963 Appiano sulla Strada del Vino
53%
7.147 Borgo Valsugana
53%
8.280 Caldaro sulla Strada del Vino
53%
7.396 Cles
53%
12.680 Lana
53%
8.297 Levico Terme
53%
4.724 Ortisei
53%
5.099 Dro
47%
10.268 Mori
47%
4.498 Predazzo
47%
5.114 Primiero San Martino di Castrozza
41%
6.368 Silandro
41%
6.086 Naturno
35%
5.266 Baselga di Pinè
29%
5.208 Chiusa
29%
4.171 Civezzano
29%
5.436 Ledro
29%
7.258 Sarentino
24%
4.516 Storo
24%
4.969 Terlano
24%
5.231 Vallelaghi
24%
5.156 Altopiano della Vigolana
12%
5.812 Campo Tures
12%
7.053 Castelrotto
12%
5.042 Lagundo
12%
5.260 Malles Venosta
12%
6.991 Predaia
12%
8.211 Renon
12%
4.659 Ville d'Anaunia
12%
5.293 Laces
6%
4.180 Lasa
6%
4.674 Racines
6%
5.990 Valle Aurina
0%
5.054 Varna
0%
Nessun quiz corrispondente trovato
Distribuzione punteggi
Percentuale di utenti per punteggio
Percentile per numero di risposta
I tuoi punteggi nel tempo
Non hai fatto questo quiz